[Event "Wch Seniors 65 26th"]
[Site "Marianske Lazne"]
[Date "2016.11.30"]
[Round "11"]
[White "Harandi, Khosro"]
[Black "Van Riemsdijk, Herman Claudius"]
[Result "1/2-1/2"]
[WhiteElo "2354"]
[BlackElo "2309"]
[PlyCount "109"]
[EventDate "2016.11.19"]
[EventType "swiss"]
[EventRounds "11"]
[EventCountry "CZE"]
[SourceTitle "CBM 175 Extra"]
[Source "ChessBase"]
[SourceDate "2016.12.12"]
[SourceVersion "1"]
[SourceVersionDate "2016.12.12"]
[SourceQuality "1"]

1. Nf3 d5 2. b3 Nf6 3. Bb2 Bg4 4. e3 Nbd7 5. Be2 e6 6. h3 Bxf3 7. Bxf3 Bd6 8. c4 c6 9. Nc3 Qe7 10. 0-0 0-0 11. d4 Ba3 12. Qc1 Bxb2 13. Qxb2 Rfd8 14. Rfd1 Nf8 15. Ne2 Ng6 16. g3 e5 17. cxd5 e4 18. Bg2 Nxd5 19. Qc2 f5 20. a3 Nf8 21. b4 Ne6 22. h4 g6 23. Qb3 a6 24. Rab1 Kg7 25. Rdc1 h6 26. a4 Nec7 27. Nc3 g5 28. hxg5 hxg5 29. g4 Nxc3 30. Qxc3 Nd5 31. Qc5 Qe6 32. gxf5 Qxf5 33. Qc2 Re8 34. b5 cxb5 35. axb5 a5 36. Qd2 Rh8 37. b6 Rh4 38. Rb5 Rah8 39. Rxd5 Qxd5 40. Rc5 Qe6 41. Rxg5+ Kh6 42. Qxa5 Rc8 43. Rg3 Rc1+ 44. Bf1 Rg4 45. Qa3 Rxg3+ 46. fxg3 Rb1 47. Qf8+ Kh7 48. Qf4 Rxb6 49. d5 Qg6 50. Qh4+ Kg7 51. Qe7+ Kg8 52. Qd8+ Kg7 53. Qe7+ Kg8 54. Qd8+ Kg7 55. Qe7+ 1/2-1/2

[Event "Wch Seniors 65 26th"]
[Site "Marianske Lazne"]
[Date "2016.11.29"]
[Round "10"]
[White "Plachetka, Jan"]
[Black "Harandi, Khosro"]
[Result "1-0"]
[WhiteElo "2348"]
[BlackElo "2354"]
[PlyCount "53"]
[EventDate "2016.11.19"]
[EventType "swiss"]
[EventRounds "11"]
[EventCountry "CZE"]
[SourceTitle "CBM 175 Extra"]
[Source "ChessBase"]
[SourceDate "2016.12.12"]
[SourceVersion "1"]
[SourceVersionDate "2016.12.12"]
[SourceQuality "1"]

1. c4 e5 2. Nc3 Nc6 3. g3 g6 4. Bg2 Bg7 5. Rb1 d6 6. b4 a6 7. d3 f5 8. Bd2 Nf6 9. e3 0-0 10. Nge2 Rb8 11. 0-0 Be6 12. Qc2 Qd7 13. Nd5 Qf7 14. Nec3 g5 15. f4 gxf4 16. gxf4 Nh5 17. b5 axb5 18. Nxb5 Rbc8 19. Bc3 Kh8 20. Kh1 Nf6 21. Nxf6 Bxf6 22. Rg1 Bd7 23. Bd5 Qe7 24. Rg3 Nd8 25. Rbg1 Be6 26. Qg2 c6 27. Rg8+ 1-0

[Event "Budapest FS07 GM+"]
[Site "Budapest"]
[Date "2015.07.04"]
[Round "1"]
[White "Burg, Twan"]
[Black "Harandi, Khosro"]
[Result "1-0"]
[WhiteElo "2504"]
[BlackElo "2377"]
[PlyCount "83"]
[EventDate "2015.07.04"]
[EventType "tourn"]
[EventRounds "13"]
[EventCountry "HUN"]
[EventCategory "7"]
[SourceTitle "CBM 167 Extra"]
[Source "ChessBase"]
[SourceDate "2015.09.14"]
[SourceVersion "1"]
[SourceVersionDate "2015.09.14"]
[SourceQuality "1"]

1. e4 e5 2. Nf3 Nc6 3. Bb5 a6 4. Ba4 Nf6 5. 0-0 b5 6. Bb3 Bc5 7. c3 d6 8. d4 Bb6 9. a4 Bb7 10. Re1 h6 11. Nh4 g6 12. Nf3 Qd7 13. axb5 axb5 14. Rxa8+ Bxa8 15. Na3 Nd8 16. Bc2 c6 17. h3 Qe7 18. Be3 Nd7 19. Qd2 g5 20. c4 b4 21. Nb1 Ba5 22. b3 Ne6 23. d5 Nec5 24. Nh2 Rg8 25. Nf1 g4 26. hxg4 Rxg4 27. Bxc5 Nxc5 28. Qxh6 Bb7 29. Ne3 Rg6 30. Qh8+ Kd7 31. Nd2 Qg5 32. Nf3 Qf4 33. Qh7 Bd8 34. Nf5 Rf6 35. Qh5 Rg6 36. Qh7 Rf6 37. Qh3 Kc7 38. g3 Rg6 39. Qh7 Qg4 40. Qxf7+ Nd7 41. Bd1 Kc8 42. N3h4 1-0

[Event "Iran Ligve op 1st"]
[Site "Iran"]
[Date "1997.??.??"]
[Round "?"]
[White "Harandi, Khosro"]
[Black "Deljou, Mohammad"]
[Result "1-0"]
[WhiteElo "2380"]
[BlackElo "2205"]
[PlyCount "57"]
[EventDate "1997.??.??"]
[EventType "swiss"]
[EventRounds "11"]
[EventCountry "IRI"]
[SourceTitle "EXT 2003"]
[Source "ChessBase"]
[SourceDate "2002.11.25"]
[SourceVersion "1"]
[SourceVersionDate "2002.11.25"]
[SourceQuality "1"]

1. e4 e5 2. Bc4 Bc5 3. Nf3 Nc6 4. c3 Nf6 5. d3 0-0 6. 0-0 a6 7. Re1 Ba7 8. Bg5 d6 9. Bb3 Ne7 10. Nbd2 Ng6 11. Nh4 Bg4 12. Ndf3 Nxh4 13. Bxh4 h6 14. h3 Be6 15. d4 g5 16. Nxg5 hxg5 17. Bxg5 Qe7 18. Re3 Bxb3 19. axb3 Qe6 20. Bxf6 Qxf6 21. Qh5 Rfe8 22. Rf3 Qe6 23. Rd1 exd4 24. cxd4 Kg7 25. Rdd3 c6 26. Rf5 f6 27. Rg3+ Kf8 28. Qh7 Qf7 29. Rxf6 1-0

[Event "Fajr op 04th"]
[Site "Iran"]
[Date "1994.??.??"]
[Round "10"]
[White "Aryanejad, Hossein"]
[Black "Harandi, Khosro"]
[Result "0-1"]
[WhiteElo "2270"]
[BlackElo "2375"]
[PlyCount "78"]
[EventDate "1994.??.??"]
[EventType "swiss"]
[EventRounds "11"]
[EventCountry "IRI"]
[SourceTitle "EXT 2004"]
[Source "ChessBase"]
[SourceDate "2003.11.25"]
[SourceVersion "1"]
[SourceVersionDate "2003.11.25"]
[SourceQuality "1"]

1. e4 c5 2. Nf3 e6 3. d3 d5 4. Nbd2 Nc6 5. g3 Bd6 6. Bg2 Nge7 7. 0-0 Bc7 8. Ng5 h6 9. Nh3 0-0 10. f4 f5 11. c3 a5 12. g4 fxe4 13. dxe4 Ng6 14. e5 Nh4 15. Nf3 Nxg2 16. Kxg2 Qe8 17. Nf2 b6 18. h4 Ba6 19. Rg1 Rd8 20. b3 d4 21. c4 Bb7 22. Kf1 Rd7 23. g5 Nxe5 24. Nxe5 Bxe5 25. Nd3 Bxf4 26. Bxf4 Be4 27. gxh6 Bxd3+ 28. Qxd3 Rxf4+ 29. Ke1 Qh5 30. hxg7 Qxh4+ 31. Kd1 Rxg7 32. Re1 Rg3 33. Qe2 Qg4 34. Rc1 Qxe2+ 35. Rxe2 Rf1+ 36. Kd2 Rxc1 37. Kxc1 Kf7 38. Kd2 Kf6 39. Rh2 e5 0-1

[Event "Fajr op 04th"]
[Site "Iran"]
[Date "1994.??.??"]
[Round "8"]
[White "Verdihanov, Vladislav"]
[Black "Harandi, Khosro"]
[Result "1/2-1/2"]
[WhiteElo "2420"]
[BlackElo "2375"]
[PlyCount "132"]
[EventDate "1994.??.??"]
[EventType "swiss"]
[EventRounds "11"]
[EventCountry "IRI"]
[SourceTitle "EXT 2004"]
[Source "ChessBase"]
[SourceDate "2003.11.25"]
[SourceVersion "1"]
[SourceVersionDate "2003.11.25"]
[SourceQuality "1"]

1. d4 Nf6 2. Nf3 e6 3. c4 d5 4. Nc3 Bb4 5. Bg5 Nbd7 6. cxd5 exd5 7. Rc1 c6 8. a3 Be7 9. e3 0-0 10. Bd3 Ne4 11. Bf4 f5 12. h3 Qe8 13. 0-0 g5 14. Bc7 Qg6 15. Ne2 Bd6 16. Bxd6 Qxd6 17. h4 g4 18. Nh2 Ndf6 19. g3 Nh5 20. Kg2 Bd7 21. Re1 Rae8 22. Nf1 Qh6 23. Nf4 Rf7 24. Nxh5 Qxh5 25. Nd2 Nd6 26. Qc2 Rfe7 27. Kf1 Qh6 28. Nb1 Qf6 29. Nc3 f4 30. exf4 Qxd4 31. Rxe7 Rxe7 32. Re1 Rxe1+ 33. Kxe1 h6 34. Bh7+ Kf8 35. Qg6 Nc4 36. Qc2 Qf6 37. Kf1 Nd6 38. Qa4 Qe7 39. Bd3 a6 40. Qd4 Kg8 41. f5 Bxf5 42. Bxf5 Nxf5 43. Qxg4+ Ng7 44. Ne2 Kh7 45. Nf4 Qf6 46. b4 Qf5 47. Qd1 Qe4 48. Kg1 Nf5 49. Qg4 Qe1+ 50. Kg2 Qe4+ 51. Kh2 Ng7 52. Qd7 Qc2 53. Kg2 Qe4+ 54. Kh2 Qc2 55. Nh3 b6 56. g4 a5 57. g5 axb4 58. axb4 h5 59. Kg2 Qe4+ 60. f3 Qxh4 61. Qxc6 Qxb4 62. Qxd5 Qc5 63. Qd3+ Qf5 64. Qd6 Qg6 65. Qd5 Qf5 66. Qd6 Qg6 1/2-1/2

[Event "Fajr op 03th"]
[Site "Iran"]
[Date "1993.??.??"]
[Round "6"]
[White "Harandi, Khosro"]
[Black "Aghamaliyev, Cemil"]
[Result "1/2-1/2"]
[WhiteElo "2395"]
[BlackElo "2425"]
[PlyCount "41"]
[EventDate "1993.??.??"]
[EventType "swiss"]
[EventRounds "9"]
[EventCountry "IRI"]
[SourceTitle "EXT 2004"]
[Source "ChessBase"]
[SourceDate "2003.11.25"]
[SourceVersion "1"]
[SourceVersionDate "2003.11.25"]
[SourceQuality "1"]

1. e4 c5 2. Nf3 Nc6 3. d4 cxd4 4. Nxd4 Nf6 5. Nc3 e5 6. Ndb5 d6 7. Bg5 a6 8. Na3 b5 9. Nd5 Be7 10. Nxe7 Nxe7 11. Qf3 Nd7 12. b4 0-0 13. Rd1 f6 14. Bc1 Nb6 15. c4 bxc4 16. Nxc4 Nxc4 17. Bxc4+ Kh8 18. 0-0 Bb7 19. Qe2 Qc7 20. Be6 Rad8 21. a3 1/2-1/2

[Event "Fajr op 03th"]
[Site "Iran"]
[Date "1993.??.??"]
[Round "8"]
[White "Harandi, Khosro"]
[Black "Al Hadarani, Hatim"]
[Result "0-1"]
[WhiteElo "2395"]
[BlackElo "2315"]
[PlyCount "62"]
[EventDate "1993.??.??"]
[EventType "swiss"]
[EventRounds "9"]
[EventCountry "IRI"]
[SourceTitle "EXT 2004"]
[Source "ChessBase"]
[SourceDate "2003.11.25"]
[SourceVersion "1"]
[SourceVersionDate "2003.11.25"]
[SourceQuality "1"]

1. e4 d6 2. d4 h6 3. Nf3 Bg4 4. h3 Bh5 5. Nc3 Nd7 6. Be3 e5 7. Be2 c6 8. Qd2 Qc7 9. 0-0-0 Ngf6 10. Nh4 Bxe2 11. Qxe2 b5 12. Qd3 b4 13. Ne2 g6 14. Nf3 Be7 15. dxe5 dxe5 16. Nd2 a5 17. f3 a4 18. Nc4 0-0 19. Bxh6 Rfd8 20. Ng3 Nc5 21. Qe3 b3 22. cxb3 axb3 23. a3 Rd4 24. Qe2 Ra4 25. Ne3 Ne6 26. Ng4 Nxg4 27. hxg4 Bxa3 28. bxa3 Rxa3 29. Rd2 Qa5 30. Rb2 Ra1+ 31. Rb1 Qc3+ 0-1

[Event "Olympiad-29"]
[Site "Novi Sad"]
[Date "1990.11.21"]
[Round "5"]
[White "Roselli Mailhe, Bernardo"]
[Black "Harandi, Khosro"]
[Result "1/2-1/2"]
[WhiteElo "2365"]
[BlackElo "2425"]
[PlyCount "51"]
[EventDate "1990.11.17"]
[EventType "team-swiss"]
[EventRounds "14"]
[EventCountry "YUG"]
[SourceTitle "EXT 2019"]
[Source "ChessBase"]
[SourceDate "2018.10.10"]
[SourceVersion "1"]
[SourceVersionDate "2018.10.10"]
[SourceQuality "1"]
[WhiteTeam "Uruguay"]
[BlackTeam "Iran"]
[WhiteTeamCountry "URU"]
[BlackTeamCountry "IRI"]

1. e4 e5 2. Nf3 Nc6 3. Bb5 a6 4. Ba4 Nf6 5. 0-0 Be7 6. Re1 b5 7. Bb3 d6 8. c3 0-0 9. h3 Na5 10. Bc2 c5 11. d4 Qc7 12. Nbd2 cxd4 13. cxd4 Nc6 14. Nb3 Nb4 15. Bb1 a5 16. a3 Nc6 17. Be3 a4 18. Nbd2 Bd7 19. Bd3 Qb8 20. Qe2 Na5 21. Rac1 Re8 22. dxe5 dxe5 23. Bc5 Bd8 24. Kh2 Nh5 25. Be3 Nf6 26. g3 1/2-1/2

[Event "Olympiad-29"]
[Site "Novi Sad"]
[Date "1990.11.20"]
[Round "4"]
[White "Harandi, Khosro"]
[Black "Wians, Camille"]
[Result "1/2-1/2"]
[WhiteElo "2425"]
[BlackElo "2255"]
[PlyCount "96"]
[EventDate "1990.11.17"]
[EventType "team-swiss"]
[EventRounds "14"]
[EventCountry "YUG"]
[SourceTitle "EXT 2019"]
[Source "ChessBase"]
[SourceDate "2018.10.10"]
[SourceVersion "1"]
[SourceVersionDate "2018.10.10"]
[SourceQuality "1"]
[WhiteTeam "Iran"]
[BlackTeam "Luxembourg"]
[WhiteTeamCountry "IRI"]
[BlackTeamCountry "LUX"]

1. e4 c5 2. Nf3 Nc6 3. d4 cxd4 4. Nxd4 e5 5. Nb5 d6 6. Be2 Be7 7. Be3 Nf6 8. N5c3 0-0 9. 0-0 Be6 10. Bf3 a6 11. Nd5 Bxd5 12. exd5 Nb8 13. a4 Nfd7 14. Be2 Bg5 15. Bxg5 Qxg5 16. Nd2 a5 17. Nc4 Qe7 18. Qd2 b6 19. b4 f5 20. bxa5 bxa5 21. Nxa5 Nc5 22. Bb5 f4 23. Rfe1 Rf5 24. Nc4 Nba6 25. Ra3 e4 26. Rh3 Raf8 27. Bxa6 Nxa6 28. Qd4 Nc5 29. Nd2 Re5 30. Nb3 Nd7 31. c4 Nf6 32. a5 Ng4 33. a6 f3 34. gxf3 exf3 35. Rxe5 Nxe5 36. Nd2 Qd7 37. Rh4 Qa4 38. Qb6 Qd1+ 39. Nf1 Ng6 40. Rd4 Qa1 41. a7 Nf4 42. Rxf4 Rxf4 43. Qb8+ Rf8 44. h3 Qa5 45. Ne3 Qe1+ 46. Nf1 Qa5 47. Ne3 Qe1+ 48. Nf1 Qa5 1/2-1/2

[Event "Lloyds Bank op 13th"]
[Site "London"]
[Date "1989.??.??"]
[Round "?"]
[White "Harandi, Khosro"]
[Black "Parker, Jonathan"]
[Result "1-0"]
[WhiteElo "2430"]
[BlackElo "2320"]
[PlyCount "81"]
[EventDate "1989.08.??"]
[EventType "swiss"]
[EventRounds "10"]
[EventCountry "ENG"]
[SourceTitle "TD"]
[Source "ChessBase"]
[SourceDate "1994.03.01"]
[SourceVersion "1"]
[SourceVersionDate "1994.03.01"]
[SourceQuality "1"]

1. e4 e5 2. Nf3 Nc6 3. Bb5 a6 4. Ba4 Nf6 5. 0-0 Be7 6. Re1 b5 7. Bb3 0-0 8. d4 d6 9. c3 exd4 10. cxd4 Bg4 11. Be3 Na5 12. Bc2 Nc4 13. Bc1 c5 14. b3 Nb6 15. Bb2 a5 16. h3 Bc8 17. a4 b4 18. Bd3 Nfd7 19. Nbd2 Bb7 20. Rc1 Rc8 21. Qe2 d5 22. exd5 Nxd5 23. Bb1 Re8 24. Nc4 Ba6 25. Bxh7+ Kxh7 26. Qe4+ Kg8 27. Qxd5 Bxc4 28. Qxc4 Bf6 29. Ne5 Bxe5 30. dxe5 Qb6 31. Rcd1 Nf8 32. Rd5 Ne6 33. Red1 Red8 34. Rd6 Qc7 35. R1d5 Rxd6 36. exd6 Qd7 37. Qg4 Rd8 38. Bf6 Re8 39. Bxg7 f5 40. Qxf5 Qxg7 41. d7 1-0

[Event "Lloyds Bank op 13th"]
[Site "London"]
[Date "1989.??.??"]
[Round "?"]
[White "Kopp, B."]
[Black "Harandi, Khosro"]
[Result "0-1"]
[WhiteElo "2265"]
[BlackElo "2430"]
[PlyCount "88"]
[EventDate "1989.08.??"]
[EventType "swiss"]
[EventRounds "10"]
[EventCountry "ENG"]
[SourceTitle "TD"]
[Source "ChessBase"]
[SourceDate "1994.03.01"]
[SourceVersion "1"]
[SourceVersionDate "1994.03.01"]
[SourceQuality "1"]

1. e4 e5 2. Nf3 Nc6 3. Bc4 Be7 4. 0-0 Nf6 5. d4 d6 6. d5 Nb8 7. h3 Nxe4 8. Qe2 Nf6 9. Nc3 0-0 10. Bg5 Nbd7 11. Rad1 h6 12. Bc1 Nb6 13. Bb3 Bf5 14. g4 Bh7 15. Kh2 Bg6 16. Rg1 Nh7 17. Rg2 a6 18. Rdg1 Bg5 19. Nxg5 hxg5 20. Ne4 Bxe4 21. Qxe4 Nd7 22. Qe3 Re8 23. c4 Qf6 24. Rg3 Ndf8 25. Bc2 Ng6 26. a4 Nf4 27. a5 Nf8 28. Re1 Nd7 29. Qe4 g6 30. b4 Kg7 31. Ba4 Qe7 32. Rb3 Qd8 33. Qc2 Rh8 34. Bxf4 gxf4 35. c5 Nf6 36. Qd1 Rh4 37. Kg2 e4 38. Qd4 f3+ 39. Kg3 Qh8 40. Rxe4 Rxh3+ 41. Kf4 Qh6+ 42. g5 Qh4+ 43. Ke3 Qxg5+ 44. Kd3 Qf5 0-1

[Event "Lloyds Bank op 13th"]
[Site "London"]
[Date "1989.??.??"]
[Round "?"]
[White "Tozer, Richard"]
[Black "Harandi, Khosro"]
[Result "1-0"]
[WhiteElo "2235"]
[BlackElo "2430"]
[PlyCount "79"]
[EventDate "1989.08.??"]
[EventType "swiss"]
[EventRounds "10"]
[EventCountry "ENG"]
[SourceTitle "TD"]
[Source "ChessBase"]
[SourceDate "1994.03.01"]
[SourceVersion "1"]
[SourceVersionDate "1994.03.01"]
[SourceQuality "1"]

1. d4 Nf6 2. c4 e6 3. Nc3 Bb4 4. Qc2 d5 5. cxd5 exd5 6. Bg5 c6 7. a3 Be7 8. e3 Nbd7 9. Nf3 Nf8 10. Bd3 Be6 11. 0-0 Ng6 12. b4 0-0 13. Na4 Nd7 14. Bxe7 Qxe7 15. Rab1 Bg4 16. Ne1 Nf6 17. h3 Bc8 18. Qc5 Qd8 19. Nf3 Ne4 20. Bxe4 dxe4 21. Nd2 Qh4 22. Qd6 Rd8 23. Qh2 Qe7 24. Nc3 f5 25. Nc4 f4 26. exf4 Rxd4 27. Ne3 Rd3 28. Rbc1 Nh4 29. Rfe1 Bd7 30. Qg3 Rf8 31. Ned5 Qd8 32. Ne7+ Qxe7 33. Qxd3 Rxf4 34. Nxe4 Bf5 35. Qd6 Qxd6 36. Nxd6 h6 37. Nxb7 Kh7 38. Rxc6 Rd4 39. Nc5 Rc4 40. Rc7 1-0